000 00472nam a22001937a 4500
003 MPLRDC
005 20220104114137.0
008 210129b ||||| |||| 00| 0 eng d
020 _a7-219-00728-0
082 _a857.45 WYG
100 _a王云高
245 _a绵绵帝妃情
_c
250 _a一版一刷
260 _a
_b广西人民出版社
_c1988
300 _b
490 _a中国历史爱情小说集
650 _a历史小说
942 _cBK
_o857.45 WYG
999 _c5167
_d5157